Top 10 Countries With The Most SIKHS (2020) - Statistics

General Stats
  • This quiz has been taken 24 times
  • The average score is 7 of 10
Answer Stats
Hint Answer % Correct
24,246,592 Sikhs India
100%
417,063 Sikhs United States of America
100%
520,052 Sikhs Canada
95%
56,769 Sikhs Pakistan
95%
576,286 Sikhs United Kingdom
95%
168,570 Sikhs Australia
86%
48,369 Sikhs Italy
50%
81,562 Sikhs Malaysia
41%
66,843 Sikhs Saudi Arabia
32%
49,190 Sikhs Kenya
27%
No matching quizzes found
Score Distribution
Percent of People with Each Score
Percentile by Number Answered
Your Score History
You have not taken this quiz